000 00382nam a2200133Ia 4500
008 220217s9999 xx 000 0 und d
245 0 _aCode of practice for laying of rubber floors. (First Revision)
260 _aNew Delhi
260 _c1970
_bISI
490 _aRubber Flooring Subcommittee, BDC 5:3
500 _aStandard number: IS 1197
650 _aRubber floor
942 _cST
999 _c73444
_d73444